000
00301nam a22001217a 4500
008
160418b xxu||||| |||| 00| 0 eng d
020
_a
9780138024611
020
_a
0138024618
041
_a
eng
080
_a
618.2
245
_a
Fundamentals of Nursing:
_c
Audrey Berman;Shirlee Snyder;
942
_2
udc
_c
BK
999
_c
1421
_d
1421